Secrets and lies : digital security in a networked world (Record no. 6653)
[ view plain ]
| 000 -LEADER | |
|---|---|
| fixed length control field | 01300 a2200205 4500 |
| 020 ## - INTERNATIONAL STANDARD BOOK NUMBER | |
| International Standard Book Number | 0471253111 |
| 020 ## - INTERNATIONAL STANDARD BOOK NUMBER | |
| International Standard Book Number | 0471453803 |
| 020 ## - INTERNATIONAL STANDARD BOOK NUMBER | |
| International Standard Book Number | 9780471453802 |
| 040 ## - CATALOGING SOURCE | |
| Original cataloging agency | DLC |
| Language of cataloging | DLC |
| 100 1# - MAIN ENTRY--PERSONAL NAME | |
| Personal name | Schneier, Bruce, |
| 245 10 - TITLE STATEMENT | |
| Title | Secrets and lies : digital security in a networked world |
| Statement of responsibility, etc. | Bruce Schneier. |
| 260 ## - PUBLICATION, DISTRIBUTION, ETC. | |
| Place of publication, distribution, etc. | New York : |
| Name of publisher, distributor, etc. | Wiley Pub., |
| Date of publication, distribution, etc. | c2000. |
| 300 ## - PHYSICAL DESCRIPTION | |
| Extent | 412 p. : |
| Other physical details | ill. |
| 500 ## - GENERAL NOTE | |
| General note | "Wiley Computer Publishing." |
| 500 ## - GENERAL NOTE | |
| General note | Also issued in a 3-vol. box set under title: Schneier's cryptography classics library. |
| 520 1# - SUMMARY, ETC. | |
| Summary, etc. | "Information security expert Bruce Schneier explains what everyone in business needs to know about security in order to survive and be competitive. Pragmatic, interesting, and humorous, Schneier exposes the digital world and the realities of our networked society. He examines the entire system, from the reasons for technical insecurities to the minds behind malicious attacks. You'll be guided through the security war zone, and learn how to understand and arm yourself against the threats of our connected world." "Secrets and Lies offers the expert guidance you'll need to make the right choices about securing your digital self."--BK JACKET. |
| 650 #0 - SUBJECT ADDED ENTRY--TOPICAL TERM | |
| Topical term or geographic name entry element | Computer security. |
| 650 #0 - SUBJECT ADDED ENTRY--TOPICAL TERM | |
| Topical term or geographic name entry element | Computer networks |
| General subdivision | Security measures. |
| 942 ## - ADDED ENTRY ELEMENTS (KOHA) | |
| Koha item type | Book |
| Call number prefix | 005.8 SCH |
| Source of classification or shelving scheme | |
| Withdrawn status | Lost status | Damaged status | Not for loan | Collection code | Permanent Location | Current Location | Shelving location | Date acquired | Source of acquisition | Cost, normal purchase price | Total Checkouts | Full call number | Barcode | Date last seen | Price effective from | Koha item type | Date last checked out |
|---|---|---|---|---|---|---|---|---|---|---|---|---|---|---|---|---|---|
| Central Library (CL) | Central Library (CL) | First Floor - Artificial Intelligence/Data Mining | 05/31/2003 | NIMS Photocopier | 475.00 | 005.8 SCH | SEECS003470 | 11/14/2012 | 01/05/2017 | Book | |||||||
| Central Library (CL) | Central Library (CL) | First Floor - Artificial Intelligence/Data Mining | 05/31/2003 | NIMS Photocopier | 475.00 | 005.8 SCH | SEECS003468 | 11/14/2012 | 01/05/2017 | Book | |||||||
| Central Library (CL) | Central Library (CL) | First Floor - Artificial Intelligence/Data Mining | 05/31/2003 | NIMS Photocopier | 475.00 | 005.8 SCH | SEECS003467 | 11/14/2012 | 01/05/2017 | Book | |||||||
| Central Library (CL) | Central Library (CL) | First Floor - Artificial Intelligence/Data Mining | 05/31/2003 | NIMS Photocopier | 475.00 | 005.8 SCH | SEECS003466 | 11/14/2012 | 01/05/2017 | Book | |||||||
| Central Library (CL) | Central Library (CL) | First Floor - Artificial Intelligence/Data Mining | 05/31/2003 | NIMS Photocopier | 475.00 | 1 | 005.8 SCH | SEECS003469 | 11/08/2014 | 01/05/2017 | Book | 10/12/2014 |
